Sports Quiz

Random Sports or Olympics Quiz

Picture Click: Belgian Olympic Golden Medal Winners Quiz Stats

 Plays Quiz not verified by Sporcle

Support Sporcle.
Go Orange.
Score 0/7 Timer 02:00
0 Plays Today
% Correct
Ulla Werbrouck
92.4%
Greg van Avermaet
92.3%
Justine Henin
90%
Marien - Borlée - Ouédraogo - Gevaert
84.6%
Frédérik Deburghgraeve
83.5%
Tia Hellebaut
80.3%
Nafissatou Thiam
73.8%

You're not logged in!

Compare scores with friends on all Sporcle quizzes.
OR
Log In

From the Vault

US Road Trip Ladder

by bhenderson79

The US has over 4,000,000 miles of roads. Better pack some extra snacks.
Remove Ads.
Support Sporcle.
Get the best of Sporcle when you Go Orange. This ad-free experience offers more features, more stats, and more fun while also helping to support Sporcle. Thank you for becoming a member.

Show Comments

Extras

Top Quizzes Today


Score Distribution

Your Account Isn't Verified!

In order to create a playlist on Sporcle, you need to verify the email address you used during registration. Go to your Sporcle Settings to finish the process.

Report this User

Report this user for behavior that violates our Community Guidelines.

Details: